00510nam a2200169Ia 450000500170000000800410001702000150005808200130007324500220008626000440010830000130015250000370016570000210020294200060022395200960022999900150032520250515024026.0240331s9999 xx 000 0 und d a8187477504 a302bMIG 0aMigai naadumkalai aNagercoilbKalachuvadu Pathipagamc2003 a238 p ., aCollection of Articles on Cinema aRavikumar. eedt cL 001040708LaWERCLbWERCLcSSCd2024-03-31l0o 302 MIG p4894r2024-03-31w2024-03-31yL c1081d1081